000 00312nam a22001337a 4500
008 170321b xxu||||| |||| 00| 0 eng d
020 _a0721628206
041 _aeng
080 _a616.12 -008-073
100 _a7
101 _aSHM
245 _aDETECTION TREAYMENT AND CARDIAC DRUGS
_cPATEL.J.M
942 _2udc
_cBK
999 _c8234
_d8234